[Event "21st Mediterranean Flowers WGM 2021"]
[Site "Rijeka"]
[Date "2021.03.09"]
[Round "4.2"]
[White "Zimina, Olga"]
[Black "Unuk, Laura"]
[Result "0-1"]
[WhiteElo "2364"]
[BlackElo "2389"]
[Annotator "TA"]
[PlyCount "118"]
[EventDate "2021.03.07"]
[EventType "tourn"]
[EventCountry "CRO"]
[SourceTitle "playchess.com"]
[Source "ChessBase"]
[SourceQuality "1"]

{[%evp 11,118,26,33,-7,-6,-25,-27,-28,-28,-31,-29,-35,-28,-35,-28,-27,-29,-34,-37,-83,-77,-91,-86,-83,-83,-68,-62,-104,-112,-97,-110,-99,-66,-152,-161,-160,-142,-124,-91,-91,-41,-128,-129,-116,-115,-196,-164,-248,-246,-256,-255,-228,-246,-286,-286,-348,-356,-348,-337,-363,-8,-8,-8,-8,-8,-8,-27,-8,-8,-80,-83,-118,-52,-70,-59,-59,-59,-79,-87,-90,-90,-4794,-1762,-1797,-1546,-29976,-29977,-29977,-29978,-29977,-29979,-29979,-29980,-29980,-29981,-29981,-29982,-29982,-29983,-29983,-29983,-29983,-29984,-29984,-29985,-29985,-29986,-29986,-29987]} 1. Nf3 Nf6 2. c4 e6 3. g3 d5 4. Bg2 dxc4 5. Qa4+ Nbd7 {[%cal Bb8d7,Bd7e5,Be5c4][%mdl 32]} 6. Qxc4 c5 7. a4 {A13: English Opening: 1...e6.} b6 {[#]} 8. Nd4 $146 {[#]} ({Predecessor:} 8. Nc3 Bb7 9. O-O Be7 10. d3 O-O 11. Qb3 a6 12. Bf4 Nd5 13. Nxd5 Bxd5 14. Qc2 e5 {0-1 (39) Mohr,G (2434)-Subelj,J (2424) Maribor 2020}) 8... Ne5 $1 9. Nc6 {Black has an edge.} Nxc4 10. Nxd8 Nd5 ({Don't play} 10... Kxd8 $6 11. Bxa8 Na5 12. Nc3 $16) 11. Nc3 Kxd8 12. Nxd5 Bb7 {[%mdl 64] Pin} ({Of course not} 12... exd5 $6 13. Bxd5 Rb8 14. Bxc4 $16) 13. Nf4 Bxg2 14. Nxg2 Na5 15. Ra3 Bd6 16. Rd3 Ke7 17. b3 c4 18. bxc4 Rhc8 19. O-O Rxc4 20. Bb2 Rxa4 21. Bxg7 Nb7 22. f4 (22. Rf3 $15) 22... f6 $17 23. f5 {Black should prevent fxe6.} Nc5 {[%cal Rc5d3]} 24. Rc3 e5 25. Bh6 b5 {[%cal Bb6b5,Bb5b4,Bb4b3,Bb3b2][%mdl 32]} 26. Ne3 {[#]} ({White should play} 26. Rb1 $1 $15) 26... b4 $1 {[%cal Rb4c3]} 27. Rcc1 b3 28. Nc4 (28. Kg2 $17 {is a better defense.}) 28... Rb8 $19 {Hoping for ...b2.} 29. d4 (29. Kf2 $142) 29... Nd7 (29... exd4 30. Nxd6 b2 31. Rb1 $15) 30. Nxd6 {[#] Threatens to win with dxe5.} b2 $1 {[%cal Rb2c1]} ({Weaker is} 30... Kxd6 31. dxe5+ Nxe5 32. Rfd1+ Ke7 33. Rc7+ Ke8 34. Rg7 $17) 31. Nc8+ Kd8 32. Rb1 Kxc8 33. dxe5 Nxe5 34. Bf4 {With the idea Bxe5.} Re4 35. e3 a5 $2 (35... Rb3 $19 36. Rf2 Nd3 37. Rc2+ Kb7) 36. Rf2 $11 Reb4 37. Bxe5 fxe5 {[%mdl 4096] Endgame KRR-KRR} 38. f6 Kd7 39. f7 Ke7 {aiming for ...Kf8.} 40. f8=Q+ (40. Rbxb2 $1 $11 Rxb2 41. f8=Q+ Rxf8 42. Rxb2) 40... Rxf8 $17 41. Rbxb2 Rxf2 (41... Ra8 $17 42. Rxb4 axb4) 42. Rxf2 {KR-KR} a4 {Strongly threatening ...a3.} 43. Ra2 Kd6 44. Kf2 Kd5 {And now ...e4 would win.} 45. Kf3 Kc4 46. g4 $2 {[%mdl 8192] This move loses the game for White.} (46. Ra3 $17) 46... Kb3 $19 47. Rd2 a3 48. h4 a2 {Black mates.} 49. Rd1 Kc2 50. Rh1 Ra4 51. h5 a1=Q 52. Rxa1 Rxa1 {KR-K3P} 53. Ke4 Rg1 54. Kxe5 Rxg4 {KR-KPP} 55. Kf5 Rg1 56. e4 Kd3 57. e5 Kd4 58. e6 Kd5 59. e7 Re1 {Weighted Error Value: White=0.43/Black=0.16} 0-1

[Event "21st Mediterranean Flowers WGM 2021"]
[Site "Rijeka"]
[Date "2021.03.09"]
[Round "4.3"]
[White "Spiranec, Noemi"]
[Black "Medic, Mirjana"]
[Result "1/2-1/2"]
[WhiteElo "2077"]
[BlackElo "2169"]
[Annotator "TA"]
[PlyCount "39"]
[EventDate "2021.03.07"]
[EventType "tourn"]
[EventCountry "CRO"]
[SourceTitle "playchess.com"]
[Source "ChessBase"]
[SourceQuality "1"]

{[%evp 19,20,27,25]} 1. d4 d5 2. c4 e6 3. Nc3 Nf6 4. cxd5 exd5 5. Bg5 Be7 6. e3 c6 7. Bd3 Nbd7 8. Nge2 O-O 9. Qc2 Re8 10. O-O Nf8 {[#]} {Predecessor:} 11. f3 $146 {D36: Queen's Gambit Declined: Exchange Variation: Main line (5 Bg5 c6 6 Qc2).} g6 12. Rad1 Ne6 13. Bh4 b5 14. Kh1 Bb7 15. Bf2 Rc8 16. Nf4 Nxf4 17. exf4 Bd6 18. Ne2 Nh5 19. f5 Qc7 20. g3 {½-½ (73) Nepomniachtchi,I (2784)-Radjabov,T (2765) chess24.com INT 2020} 1/2-1/2

[Event "21st Mediterranean Flowers WGM 2021"]
[Site "Rijeka"]
[Date "2021.03.09"]
[Round "4.4"]
[White "Kejzar, Petra"]
[Black "Radeva, Viktoria"]
[Result "1/2-1/2"]
[WhiteElo "2043"]
[BlackElo "2313"]
[Annotator "TA"]
[PlyCount "180"]
[EventDate "2021.03.07"]
[EventType "tourn"]
[EventCountry "CRO"]
[SourceTitle "playchess.com"]
[Source "ChessBase"]
[SourceQuality "1"]

{[%evp 9,180,-17,-8,-42,0,9,21,-14,0,0,11,14,7,5,0,0,8,12,11,18,12,20,33,17,35,30,27,0,77,64,89,57,199,0,235,109,157,149,166,122,106,119,99,102,106,116,95,98,112,16,105,1,21,0,89,104,116,-8,-8,-26,0,0,159,-103,-103,-100,-89,-106,-106,-106,-81,-81,-78,-81,-81,-106,-96,-90,-82,-82,-82,-130,-130,-279,-130,-234,-234,-279,-266,-279,-228,-228,-227,-228,-228,-270,-270,-268,-268,-268,-267,-301,-301,-304,-301,-301,-279,-279,-279,-444,-429,-448,-275,-416,-279,-279,-279,-279,-232,-232,-232,-232,-232,-232,-232,-448,-448,-448,-448,-448,-448,-448,-448,-448,-448,-448,-448,-448,-448,-448,-448,-448,-448,-448,-448,-448,-448,-29996,-448,-448,-448,-448,-448,-448,-448,-448,-448,-7314,-459,-448,-43,-43,-43,-43,-43,-43,-42,-42,-42,-42,-42,-42,8]} 1. b3 e5 2. Bb2 Nc6 3. e3 Nf6 4. c4 d5 5. cxd5 Nxd5 6. Nc3 {A01: Nimzowitsch-Larsen Opening.} Be6 (6... Bf5 $15) 7. Nf3 $11 a6 8. Be2 {[#] The position is equal.} Be7 $146 ({Predecessor:} 8... Nxc3 9. Bxc3 Bd6 10. d4 e4 11. Nd2 Bd5 12. f3 Qh4+ 13. Kf1 O-O 14. Bc4 Ne7 {0-1 (57) Tencheni,M (1700)-De Bortoli,F (1793) Casaleone 2014}) 9. O-O O-O 10. d3 f6 11. a3 Nxc3 12. Bxc3 Qd5 13. Nd2 Rad8 14. Qc2 Qd7 15. b4 Bd6 16. Rab1 f5 17. a4 f4 18. Bf3 Qf7 (18... fxe3 $11 {remains equal.} 19. fxe3 a5) 19. b5 axb5 20. Rxb5 Qg6 (20... fxe3 $1 $14 21. fxe3 Qg6) 21. Rxb7 $2 (21. Be4 $18 Qh6 22. exf4 (22. Rxb7 fxe3 23. Nf3 Nd4 $15) 22... Qxf4 23. Rxb7) 21... Ne7 (21... fxe3 $11 {and Black stays safe.} 22. Bxc6 (22. fxe3 Qh6 $14) 22... exd2) 22. Ne4 (22. exf4 $18 Rxf4 23. Be4) 22... Bd5 23. Rb2 Ba8 24. Qe2 Nd5 25. Bd2 fxe3 26. fxe3 Be7 27. a5 c5 28. Ng3 Nb4 {[#]} 29. d4 ({Better is} 29. e4 $1 $16) 29... exd4 (29... Bxf3 $11 30. Rxf3 exd4) 30. Qc4+ (30. exd4 $16 Bf6 31. Bxb4 (31. dxc5 Bxb2 32. Bxb4 Bd4+ 33. Kh1 Bxf3 $11) 31... cxb4 32. Rxb4) 30... Kh8 (30... Qf7 {looks sharper.} 31. Be2 Qxc4 32. Bxc4+ Bd5 33. Bxd5+ Rxd5 34. exd4 Bf6) 31. Bxb4 (31. Bxa8 {is interesting.} Rxa8 32. exd4 Rxf1+ 33. Nxf1 Bf6 34. Bc3) 31... Bxf3 (31... cxb4 $11 32. Bxa8 Rxf1+ 33. Nxf1 Rxa8) 32. Bxc5 $16 Qc6 33. exd4 {[#]} (33. gxf3 $16 {Threatens to win with Rc1.} Qxc5 34. Qxc5 Bxc5 35. e4) 33... Rxd4 $1 $11 34. Bxe7 (34. Qxd4 $2 {perishes.} Bxc5 35. Qxc5 Qxc5+ $19) 34... Qxc4 (34... Rxc4 {seems wilder.} 35. Bxf8 Bg4 36. h3 Bc8 37. Re2 Be6) 35. Bxf8 Rd8 {[#]} 36. Rbf2 $2 Rxf8 $17 37. Rxf3 Rg8 38. Rf5 h6 {[%mdl 1024] Black has strong compensation.} 39. R1f4 Qc6 (39... Qc3 {is more complex.} 40. Rf3 Qe1+ 41. Rf1 Qe3+ 42. R1f2 Rb8) 40. h4 Kh7 41. h5 Rb8 42. Rf2 Rb1+ 43. Kh2 Qd6 44. R2f4 Ra1 45. Rf7 {With the idea Rxg7+!} Rxa5 46. R4f5 (46. Kh3 $17) 46... Ra3 (46... Ra4 $19 {has better winning chances.} 47. Kh3 Qd4) 47. Rf3 (47. Rf4 $17 {was the only chance.}) 47... Ra4 $19 48. Kg1 {Now Rxg7+! and White clings on.} Rg4 49. Kh2 Qe5 {...Qg5 is the strong threat.} 50. R7f5 Qd4 {[%cal Rg4h4]} 51. Nf1 Rh4+ 52. Kg3 Qg4+ 53. Kf2 Rxh5 54. Rxh5 Qxh5 {[%mdl 4096] Endgame KQ-KRN} 55. Ng3 Qc5+ 56. Kf1 Qc4+ 57. Kg1 g6 58. Nf1 h5 59. Ne3 (59. g3 {was the only defense.}) 59... Qc1+ 60. Kf2 Kh6 61. Nf1 (61. Ke2 $142) 61... g5 62. g3 Qb2+ 63. Kg1 g4 64. Rf2 Qd4 65. Kg2 Kg5 66. Rf4 Qd5+ 67. Kh2 $2 (67. Kg1) 67... Qe5 68. Rf2 h4 69. Rg2 Kf6 70. Kg1 h3 71. Rf2+ Ke6 72. Rf4 Qe2 {[%csl Gh3][%cal Re2g2]} 73. Rf2 Qe1 74. Rf4 Ke5 75. Rf8 {Black must now prevent Re8+.} Kd6 76. Rf6+ Kc5 77. Rf4 Qd1 78. Rc4+ (78. Rf5+ $19 Kd6 79. Rf6+ Ke5 80. Rf2) 78... Kb5 (78... Kxc4 $142 79. Kf2 Qf3+ 80. Ke1 Kd3 81. Nh2 Qe2#) 79. Rf4 Qc2 {[%csl Gh3][%cal Rc2g2]} 80. Rf2 Qc5 81. Nh2 Qd4 82. Nf1 Kc5 83. Nd2 (83. Nh2 $142) 83... Qe3 (83... h2+ $142 84. Kh1 Qe3 85. Nb3+ Qxb3 86. Kxh2 Qe6) 84. Nf1 h2+ $2 ({Black should try} 84... Qe6 $19 {Hoping for ...Kd5.} 85. Kh2 Qe1 86. Rc2+ Kd4) 85. Nxh2 $15 {Black is slightly better.} Qxg3+ 86. Rg2 Qe3+ 87. Kh1 $1 g3 88. Nf1 Qf3 89. Kg1 Kd5 90. Rxg3 Qxg3+ {Never resign too early!  Weighted Error Value: White=0.39/Black=0.35} 1/2-1/2

[Event "21st Mediterranean Flowers WGM 2021"]
[Site "Rijeka"]
[Date "2021.03.09"]
[Round "4.5"]
[White "Radikovic, Anamarija"]
[Black "Manakova, Maria"]
[Result "0-1"]
[WhiteElo "1986"]
[BlackElo "2271"]
[Annotator "TA"]
[PlyCount "76"]
[EventDate "2021.03.07"]
[EventType "tourn"]
[EventCountry "CRO"]
[SourceTitle "playchess.com"]
[Source "ChessBase"]
[SourceQuality "1"]

{[%evp 9,76,9,68,47,43,43,43,31,98,93,106,100,103,76,81,0,27,43,50,-57,-58,-58,-43,-47,-50,-43,-37,-68,-54,-46,-50,-52,-29,-45,-42,-77,-72,-139,-102,-97,-117,-172,-166,-369,-362,-638,-626,-285,-97,-87,-85,-375,-363,-370,-348,-832,-819,-737,-741,-2486,-2558,-2393,-2393,-2227,-2226,-1770,-1386,-29991,-29991]} 1. e4 c5 2. Nc3 Nc6 3. Bb5 Nd4 4. Nf3 a6 5. Bd3 {[#]} Ne6 $146 (5... g6 $11) ({Predecessor:} 5... g6 6. Nxd4 cxd4 7. Ne2 d5 8. e5 Bg7 9. f4 f6 10. exf6 Nxf6 11. b3 O-O 12. O-O {1-0 (30) Maghsoodloo,P (2676)-Sjugirov,S (2675) Chess.com INT 2020}) 6. a4 {B23: Closed Sicilian: Lines without g3.} g6 7. O-O Bg7 8. Bc4 {White is slightly better.} Nh6 (8... Nd4 $14) 9. h3 O-O 10. d3 Kh8 11. Be3 Nd4 12. Ng5 (12. a5 $16) 12... f6 13. Nf3 f5 14. exf5 (14. Bg5 $14) 14... Nhxf5 $15 15. Bg5 h6 16. Nh4 Kh7 17. Nxf5 Rxf5 18. Bh4 Rh5 19. Bg3 d5 20. Ba2 e6 21. Re1 b5 22. Rc1 Ra7 23. Kh2 (23. Rb1 $142) 23... Rf7 24. axb5 axb5 {[%cal Ba6b5,Bb5b4][%mdl 32]} 25. Qd2 (25. Ne2 $17) 25... b4 $36 {[%mdl 2048] Black is really pushing.} 26. Nd1 (26. Ne2 Nxe2 {[%mdl 64] Discovered Attack} 27. Qxe2) 26... e5 27. c3 $2 {[#]} (27. Kg1 Bxh3 28. Ne3) 27... Nf3+ $1 {[%mdl 512]} 28. gxf3 Bxh3 $2 (28... Qd7 $19 29. h4 Bf6) 29. Kg1 $17 (29. cxb4 Bg4+ 30. Kg1 Bxf3 31. Bh4 Qxh4 32. Qxh6+ Bxh6 33. bxc5 Qh1#) 29... Rxf3 30. Re3 $2 {[%mdl 8192] Loses the game.} (30. cxb4 $17 Qd7 31. Re3 (31. bxc5 $2 Bg2 $19) (31. Rxc5 Bg2 $19)) 30... Bg4 $19 31. cxb4 Qa8 32. Kg2 $2 (32. Bb1 Rff5 33. d4 (33. bxc5 $2 d4 $19) 33... cxd4 34. Bxf5 dxe3 35. Bxg6+ Kxg6 36. Nxe3) 32... d4 33. Re4 Rf8 {[#] ( -> ...Bf3+)} 34. Kg1 Bf3 {[%csl Gf3][%cal Rh5h1]} 35. Rh4 Rxh4 36. Bxh4 Qxa2 37. Rc4 Qa4 {And now ...Qd7 would win.} 38. b3 Qd7 {Weighted Error Value: White=0.98/Black=0.24} 0-1

[Event "21st Mediterranean Flowers WGM 2021"]
[Site "Rijeka"]
[Date "2021.03.10"]
[Round "5.1"]
[White "Manakova, Maria"]
[Black "Berke, Ana"]
[Result "1-0"]
[WhiteElo "2271"]
[BlackElo "2188"]
[Annotator "TA"]
[PlyCount "91"]
[EventDate "2021.03.07"]
[EventType "tourn"]
[EventCountry "CRO"]
[SourceTitle "playchess.com"]
[Source "ChessBase"]
[SourceQuality "1"]

{[%evp 9,91,-25,17,7,7,6,15,3,2,-3,-3,-8,6,0,2,0,3,-25,-28,-23,24,24,66,47,54,46,108,97,125,37,184,137,280,281,269,276,278,281,260,263,266,231,235,230,217,221,265,162,109,156,158,83,106,101,104,91,83,0,182,202,199,158,142,155,247,234,265,258,290,285,280,281,279,277,378,366,427,427,462,457,1044,1044,2201,2022]} 1. d4 d5 2. e3 Nf6 3. Bd3 c5 4. b3 Nc6 5. Nf3 b6 6. Bb2 {D00: 1 d4 d5: Unusual lines.} e6 7. O-O Bb7 8. Ne5 {The position is equal.} Bd6 9. Nd2 O-O 10. a3 Rc8 {10...Rc8 scores better than 10...Ne7.} 11. Qe2 Ne7 12. Rfd1 Qc7 13. h3 {[#]} Ne4 $146 ({Predecessor:} 13... b5 14. Bxb5 cxd4 15. exd4 Qxc2 16. Rab1 Qc7 17. Bd3 Qb6 18. b4 a5 19. b5 a4 {0-1 (55) Pitzanti,M (2234)-Schnider,G (2419) Graz 2017}) 14. c4 f6 15. Nef3 Rce8 16. cxd5 exd5 17. Bb5 Nc6 (17... Nxd2 $14 18. Qxd2 Rb8) 18. Nxe4 dxe4 19. Nh4 (19. dxc5 $16 bxc5 20. Nd2) 19... Bc8 (19... cxd4 $1 $14 20. exd4 Ne7) 20. Bc4+ Rf7 (20... Kh8 $16 {was worth a try.}) 21. Bxf7+ Qxf7 22. dxc5 Bxc5 23. b4 Bf8 24. Rac1 Ne7 25. g4 h5 26. Rc7 hxg4 27. hxg4 Qb3 28. Qc4+ Qxc4 29. Rxc4 Bxg4 30. f3 (30. Rd2 $142) 30... Bh5 $16 31. Rxe4 g5 32. Bxf6 gxh4 33. Rxh4 (33. Kf2 $16) 33... Bg6 $2 {[#]} (33... Bxf3 $11 {and Black is okay.} 34. Rf1 Be2) 34. Rd7 $18 a5 35. b5 Kf7 36. Bd4 Rc8 (36... Ke6 $16 37. Rc7 Bd3) 37. Rb7 ({Don't do} 37. Bxb6 Rc1+ 38. Kf2 Ke6) 37... Bd3 38. a4 (38. Bxb6 Bxb5 39. Bxa5 Rc1+ 40. Kh2 Rc2+ 41. Kg1 Bc6 $18) 38... Ke8 39. e4 ({Weaker is} 39. Rxb6 Rc1+ 40. Kh2 Rc2+ 41. Kg1 Rc1+ 42. Kh2 Rc2+ 43. Kg1 Rc1+ $16) 39... Bc2 40. Rxb6 ({Don't take} 40. Bxb6 $6 Bxa4 41. Bxa5 Ng6 $18) 40... Bxa4 41. Rh8 Kd7 42. Rb7+ Ke6 43. f4 {White is clearly winning.} Rd8 44. f5+ Kd6 {[#]} (44... Nxf5 $142 45. exf5+ Kxf5 46. Rf7+ Ke6) 45. Bg7 $1 {[%mdl 512]} Bxg7 (45... Bxb5 46. Bxf8) 46. Rxd8+ {Weighted Error Value: White=0.17/Black=0.36} 1-0

[Event "21st Mediterranean Flowers WGM 2021"]
[Site "Rijeka"]
[Date "2021.03.10"]
[Round "5.2"]
[White "Radeva, Viktoria"]
[Black "Radikovic, Anamarija"]
[Result "1-0"]
[WhiteElo "2313"]
[BlackElo "1986"]
[Annotator "TA"]
[PlyCount "77"]
[EventDate "2021.03.07"]
[EventType "tourn"]
[EventCountry "CRO"]
[SourceTitle "playchess.com"]
[Source "ChessBase"]
[SourceQuality "1"]

{[%evp 26,77,58,47,53,53,53,52,63,66,62,56,68,65,116,105,115,106,119,50,227,226,247,256,246,133,129,135,134,130,144,129,297,283,331,322,328,320,306,302,352,246,740,740,897,684,683,675,2770,2414,6535,5223,2940,2680]} 1. e4 c5 2. Nf3 g6 3. c4 Bg7 4. d4 cxd4 5. Nxd4 Nc6 6. Be3 Nf6 7. Nc3 d6 8. Be2 Bd7 9. O-O O-O 10. Qd2 Nxd4 11. Bxd4 Bc6 12. f3 a5 13. b3 Nd7 14. Be3 Qc7 {B38: Sicilian: Maroczy Bind with 5...Bg7 and 7...0-0.} 15. Rab1 Nc5 16. Rfc1 f5 {White is slightly better.} 17. exf5 Rxf5 {[#]} 18. Nb5 $146 ({Predecessor:} 18. Rc2 Be5 19. a3 Raf8 20. Nd5 Qd8 21. b4 axb4 22. axb4 e6 23. bxc5 exd5 24. cxd5 Bxh2+ 25. Kxh2 {½-½ (35) Cemhan,K (2031)-Latreche,K (1895) Algiers 2012}) 18... Qd8 19. Nd4 Bd7 (19... Rf7 $14) 20. Nxf5 $16 Bxf5 {[#]} 21. Ra1 $1 {[%mdl 512]} Rc8 (21... Bxa1 22. Rxa1) 22. Bd4 ({Better is} 22. Bh6 $16) 22... e5 $2 (22... Nd3 $1 $14 23. Bxd3 (23. Bxg7 $2 Qb6+ 24. c5 Rxc5 $19) 23... Bxd4+ 24. Kh1 Bxd3 25. Qxd3 Bxa1 26. Qd5+ (26. Rxa1 e6 $14) 26... Kg7 27. Rxa1 Qc7) 23. Bc3 $18 Ne6 24. Bxa5 Qh4 25. g3 ({But not} 25. Qxd6 $6 Bh6) (25. Bb6 $18) 25... Qd4+ $16 26. Qxd4 Nxd4 27. Kf2 e4 {[#]} 28. Bc3 $1 exf3 $2 {A mistake that costs the game.} (28... e3+ $16 29. Kf1 g5 30. Bxd4 Bxd4) 29. Bxf3 $18 Rf8 {White must now prevent ...Bg4.} 30. Bd5+ Kh8 {intending ...Bh3+.} 31. Kg2 b6 32. b4 {[%cal Bb3b4,Bb4a5,Ba5a6,Ba6a7][%mdl 32]} h5 33. a4 Re8 $2 (33... Nb3) 34. Re1 {White is clearly winning.} Rb8 35. a5 bxa5 36. bxa5 Rb3 {[#]} 37. a6 $1 Rxc3 (37... Nf3 38. Bxg7+) 38. a7 Rc2+ 39. Kh1 {Weighted Error Value: White=0.27/Black=0.48} 1-0

[Event "21st Mediterranean Flowers WGM 2021"]
[Site "Rijeka"]
[Date "2021.03.10"]
[Round "5.3"]
[White "Medic, Mirjana"]
[Black "Kejzar, Petra"]
[Result "1/2-1/2"]
[WhiteElo "2169"]
[BlackElo "2043"]
[Annotator "ChessBase"]
[PlyCount "120"]
[EventDate "2021.03.07"]
[EventType "tourn"]
[EventCountry "CRO"]
[SourceTitle "playchess.com"]
[Source "ChessBase"]
[SourceQuality "1"]
[TimeControl "5400+30"]

1. d4 {[%emt 0:00:00]} Nf6 {[%emt 0:02:49]} 2. Nf3 {[%emt 0:00:00]} e6 {[%emt 0:00:06]} 3. Bf4 {[%emt 0:01:48]} d5 {[%emt 0:01:08]} 4. e3 {[%emt 0:01:58]} c5 {[%emt 0:03:39]} 5. c3 {[%emt 0:00:00]} Nc6 {[%emt 0:01:58]} 6. Nbd2 {[%emt 0:02:22]} Bd6 {[%emt 0:05:15]} 7. Bg3 {[%emt 0:04:43]} O-O {[%emt 0:04:04]} 8. Bd3 {[%emt 0:06:31]} b6 {[%emt 0:07:13]} 9. Ne5 {[%emt 0:00:00]} Bb7 {[%emt 0:00:56]} 10. O-O {[%emt 0:00:00]} Ne7 {[%emt 0:16:24]} 11. Qc2 {[%emt 0:07:23]} Rc8 {[%emt 0:00:00]} 12. f4 {[%emt 0:00:00]} c4 {[%emt 0:00:00]} 13. Be2 {[%emt 0:00:00]} b5 {[%emt 0:00:00]} 14. a3 {[%emt 0:00:52]} Ne4 {[%emt 0:05:34]} 15. Bh4 {[%emt 0:09:59]} f6 {[%emt 0:00:00]} 16. Nef3 {[%emt 0:03:57]} Qb6 {[%emt 0:15:08]} 17. g4 {[%emt 0:09:08]} a5 {[%emt 0:00:00]} 18. Nxe4 {[%emt 0:00:33]} dxe4 {[%emt 0:00:00]} 19. Nd2 {[%emt 0:00:18]} Nd5 {[%emt 0:03:24]} 20. Bf2 {[%emt 0:03:12]} Bxf4 {[%emt 0:04:59]} 21. exf4 {[%emt 0:06:54]} e3 {[%emt 0:01:39]} 22. Bg3 {[%emt 0:03:03]} exd2 {[%emt 0:00:14]} 23. Qxd2 {[%emt 0:00:05]} Rfe8 {[%emt 0:02:20]} 24. Bf3 {[%emt 0:02:59]} e5 25. fxe5 {[%emt 0:00:43]} fxe5 {[%emt 0:07:51]} 26. Rae1 {[%emt 0:02:33]} exd4 {[%emt 0:00:00]} 27. Qxd4 {[%emt 0:05:21]} Qxd4+ {[%emt 0:00:00]} 28. cxd4 {[%emt 0:00:02]} b4 {[%emt 0:02:37]} 29. axb4 {[%emt 0:03:07]} axb4 {[%emt 0:00:05]} 30. Rxe8+ {[%emt 0:03:59]} Rxe8 {[%emt 0:00:01]} 31. Rc1 {[%emt 0:00:30]} Rc8 {[%emt 0:02:04]} 32. Be1 {[%emt 0:03:09]} Re8 {[%emt 0:04:34]} 33. Bxb4 {[%emt 0:11:05]} Nf4 {[%emt 0:01:02]} 34. Rf1 {[%emt 0:00:22]} Bxf3 {[%emt 0:02:46]} 35. Rxf3 {[%emt 0:00:02]} Ne2+ {[%emt 0:00:06]} 36. Kf2 {[%emt 0:00:53]} Nxd4 {[%emt 0:00:10]} 37. Rf4 {[%emt 0:00:27]} Nc6 {[%emt 0:03:14]} 38. Rxc4 {[%emt 0:00:56]} Ne5 {[%emt 0:00:45]} 39. Rd4 {[%emt 0:04:03]} Nc6 {[%emt 0:00:34]} 40. Rc4 {[%emt 0:02:16]} Ne5 {[%emt 0:00:06]} 41. Rc3 {[%emt 0:00:31]} Nxg4+ {[%emt 0:01:59]} 42. Kg3 {[%emt 0:00:09]} Nf6 {[%emt 0:00:11]} 43. Rf3 {[%emt 0:01:35]} Re2 {[%emt 0:00:43]} 44. Ba3 {[%emt 0:01:04]} Kf7 {[%emt 0:02:41]} 45. Rf2 {[%emt 0:01:55]} Re1 {[%emt 0:00:37]} 46. Kg2 {[%emt 0:00:21]} Ke6 {[%emt 0:00:33]} 47. Bb4 {[%emt 0:00:29]} Rb1 {[%emt 0:00:25]} 48. Bc3 {[%emt 0:00:15]} Kd5 {[%emt 0:01:11]} 49. Rf5+ {[%emt 0:00:50]} Kc4 {[%emt 0:01:25]} 50. Bxf6 {[%emt 0:00:53]} gxf6 {[%emt 0:00:02]} 51. Rxf6 {[%emt 0:00:10]} Rxb2+ {[%emt 0:00:10]} 52. Kg3 {[%emt 0:00:03]} Rb7 {[%emt 0:00:25]} 53. Rd6 {[%emt 0:00:33]} Kc5 {[%emt 0:00:24]} 54. Rd8 {[%emt 0:00:07]} Kc6 {[%emt 0:00:23]} 55. Kg4 {[%emt 0:01:14]} Rd7 {[%emt 0:00:30]} 56. Rf8 {[%emt 0:00:24]} Kd6 {[%emt 0:00:23]} 57. h4 {[%emt 0:00:50]} Rg7+ {[%emt 0:01:06]} 58. Kh5 {[%emt 0:00:15]} Ke7 {[%emt 0:00:08]} 59. Rf5 {[%emt 0:00:36]} Rf7 {[%emt 0:00:17]} 60. Rxf7+ {[%emt 0:00:40]} Kxf7 {[%emt 0:00:03]} 1/2-1/2